000 00428cam a2200169 4500
001 D14466
008 090401t1941 xxu||||| |||| 00| 0 eng d
035 _a(Sirsi) u15893
041 _aeng
100 _aWilliams, Harold B
245 4 _aThe law and practice of war damage compensation
260 _aCambridge
_bW Heffer and Sons
_c1941
350 _a0
520 _aShelf 137 : 2 copies
942 _n0
948 _c04/03/1997
999 _c87322
_d87322